Bundesliga Tabelle nach xGoals 2022/23 - Statistiken

Allgemein
  • Dieses Quiz wurde 274 mal gespielt
  • Das Durchschnittsergebnis liegt bei 5 aus 18
Antwortstatistiken
Hint Antwort x-Goals Punkte % Korrekt
1. Bayern München 69,9
97%
3. Borussia Dortmund 60,7
57%
2. RB Leipzig 63,1
54%
4. Bayer Leverkusen 53,0
40%
5. Eintracht Frankfurt 51,7
33%
9. VfL Wolfsburg 46,4
21%
8. SC Freiburg 46,5
20%
6. 1. FC Köln 50,0
18%
13. Union Berlin 43,0
18%
17. VfLBochum 32,9
18%
12. Borussia M`Gladbach 44,1
17%
7. Mainz 05 49,5
17%
15. Schalke 04 39,5
17%
16. Hertha BSC 38,2
16%
11. TSG Hoffenheim 44,3
16%
14 Werder Bremen 40,6
16%
18. FC Augsburg 32,5
15%
10. VfL Stuttgart 46,0
15%
Keine übereinstimmenden Quizze gefunden
Verteilung der Resultate
Anzahl Personen mit jedem Resultat
Perzentil nach korrekt beantworteten Fragen
Ihre Resultats-Entwicklung
Sie haben dieses Quiz noch nicht gespielt